| 000 | 006460000a22001930004500 | ||
|---|---|---|---|
| 001 | 1901 | ||
| 090 | _a1901 | ||
| 100 | _a1970 d1970 m||y0pory5003 ba | ||
| 102 | _aPT | ||
| 200 |
_aUtilização dos calculadores em Meteorologia _eNovos horizontes na investigação das ciências da atmosfera _fJosé Pinto Peixoto |
||
| 210 |
_aLisboa _cSMN _d1970 |
||
| 215 |
_a16 p. _d20 cm |
||
| 225 | 2 |
_aMemórias do Serviço Meteorológico Nacional _v214 |
|
| 317 | _aOrigem: INMG | ||
| 500 | 1 | 1 |
_aMemórias do Serviço Meteorológico Nacional _h214 |
| 606 |
_aINFORMATICA _zINMG |
||
| 606 |
_aMETEOROLOGIA _zINMG |
||
| 675 |
_a681.3 _vmed _zfre |
||
| 700 | 1 |
_aPeixoto _bJosé Pinto |
|